Corruption - Indian variety (Record no. 94149)

000 -LEADER
fixed length control field 01260pab a2200169 454500
008 - FIXED-LENGTH DATA ELEMENTS--GENERAL INFORMATION
fixed length control field 180718b2011 xxu||||| |||| 00| 0 eng d
100 ## - MAIN ENTRY--PERSONAL NAME
Personal name Subramanian, T.S.R
245 ## - TITLE STATEMENT
Title Corruption - Indian variety
260 ## - PUBLICATION, DISTRIBUTION, ETC.
Date of publication, distribution, etc. 2011
300 ## - PHYSICAL DESCRIPTION
Extent p.429 -436.
362 ## - DATES OF PUBLICATION AND/OR SEQUENTIAL DESIGNATION
Dates of publication and/or sequential designation Jul-Sep
520 ## - SUMMARY, ETC.
Summary, etc. A number of significant factors have combined leading to the current debilitating levels of corruption in the country. Since the decade of 70s the political executive is not countered with any checks and balances, and had unbridled authority without effective over-sight.Besides the civil services allowed themselves to be infiltrated and dominated and now silenced by the political class, who used all possible allurements for their ends. Contrary to the practice the world over, the main weapon against corruption-swift, exemplary, deterrent punishment is almost absent in India, while investigating and prosecuting agencies need to share a large part of the blame, our judiciary has not asserted themselves enough to contribute to a clean system. Such a situation is boundto yield space to the like of movements being launched by civil society. - Reproduced.
650 ## - SUBJECT ADDED ENTRY--TOPICAL TERM
Topical term or geographic name entry element Corruption
773 ## - HOST ITEM ENTRY
Main entry heading Indian Journal of Public Administration
908 ## - PUT COMMAND PARAMETER (RLIN)
Put command parameter N
909 ## -
-- 94149
Holdings
Withdrawn status Lost status Damaged status Not for loan Permanent Location Current Location Date acquired Serial Enumeration / chronology Barcode Date last seen Price effective from Koha item type
        Indian Institute of Public Administration Indian Institute of Public Administration 2018-07-19 Volume no: 57, Issue no: 3 AR94609 2018-07-19 2018-07-19 Articles

Powered by Koha